| 000 | 01304nam a2200277 a 4500 | ||
|---|---|---|---|
| 001 | 000226897 | ||
| 003 | AM-YeHGA | ||
| 005 | 20250617124459.0 | ||
| 008 | 030520s1977 kz a||||r|||||000|0|rus|d | ||
| 040 | _aAM-YeHGA | ||
| 041 | 0 | _arus | |
| 100 | 1 | _aМезинова, Надежда Никитична | |
| 245 | 1 | 0 |
_aКраевые и возрастные особенности эндокринной системы при раке матки и молочной железы / _cН.Н. Мезинова, А.Г. Богданова, Ю.С. Кожназарова. |
| 260 |
_aАлма-Ата : _bКазахстан, _c1977. |
||
| 300 |
_a160 с. : _bил., табл. ; _c22 см. |
||
| 504 | _aБиблиогр. : с. 141-156. | ||
| 650 | 1 | 4 |
_aЭндокринной системы болезни _xЭтиология _xДиагностика _xПатофизиология |
| 650 | 1 | 4 | _aВозрастные факторы |
| 650 | 1 | 4 | _aГормонозависимые опухоли |
| 650 | 1 | 4 | _aМатки новообразования |
| 650 | 1 | 4 | _aМолочной железы новообразования |
| 700 | 1 | _aБогданова, Алла Георгиевна | |
| 700 | 1 | _aКожназарова, Юлия Сигбатулловна | |
| 942 |
_2udc _cBK |
||
| 090 | _c81070 | ||
| 999 |
_c79803 _d79803 |
||